| 000 | 00401 a2200145 4500 | ||
|---|---|---|---|
| 003 | OSt | ||
| 005 | 20240111130813.0 | ||
| 008 | 240111b |||||||| |||| 00| 0 eng d | ||
| 040 | _coclc | ||
| 082 |
_a297 _bAKB/S |
||
| 245 |
_aSamvadam Bibilinte daivikatha / _cM M Akbar |
||
| 260 |
_aKerala: _bDa'wa books, _c2006. |
||
| 300 | _a289p | ||
| 942 |
_2ddc _cBK _h297 _iAKB/S _k297 _mAKB/S |
||
| 999 |
_c43134 _d43134 |
||